[Event "Quebec-ch"]
[Site "Montreal CAN"]
[Date "2006.09.10"]
[Round "3"]
[White "McDonough, Jonathan"]
[Black "Duong, Thanh Nha"]
[Result "0-1"]
[WhiteElo "2218"]
[BlackElo "2380"]
[PlyCount "82"]
[EventDate "2006.09.08"]
[EventType "tourn"]
[EventRounds "9"]
[EventCountry "CAN"]

1. d4 Nf6 2. c4 c5 3. d5 b5 4. cxb5 a6 5. f3 e6 6. e4 Bb7 7. Nc3 exd5 8. exd5
Bd6 9. Qe2+ Kf8 10. Bg5 h6 11. Bh4 g5 12. Bf2 Kg7 13. Qc2 axb5 14. Bxb5 Na6 15.
Nge2 Nb4 16. Qf5 Qe7 17. O-O Nbxd5 18. Rfe1 Nxc3 19. Nxc3 Qd8 20. h4 g4 21.
fxg4 h5 22. Qg5+ Kf8 23. Rad1 Rg8 24. Qh6+ Rg7 25. g5 Bh2+ 26. Kf1 Ng4 27. Qh8+
Rg8 28. Bxc5+ d6 29. Qxh5 Qc8 30. Re8+ Qxe8 31. Bxe8 Rxe8 32. Bb6 Ne5 33. Qh6+
Rg7 34. Qxd6+ Kg8 35. Nb5 f6 36. Be3 Nc4 37. Qxh2 Nxe3+ 38. Kg1 Nxd1 39. Qf4
fxg5 40. hxg5 Re1+ 41. Kh2 Rh7+ 0-1

[Event "Quebec-ch"]
[Site "Montreal CAN"]
[Date "2006.09.11"]
[Round "4"]
[White "Duong, Thanh Nha"]
[Black "Chabot, Roland"]
[Result "0-1"]
[WhiteElo "2380"]
[BlackElo "2316"]
[PlyCount "74"]
[EventDate "2006.09.08"]
[EventType "tourn"]
[EventRounds "9"]
[EventCountry "CAN"]

1. Nf3 d6 2. e4 c5 3. c3 Nf6 4. Bd3 g6 5. Bc2 Bg7 6. O-O O-O 7. Re1 Nc6 8. h3
b6 9. a3 Bb7 10. d4 Nd7 11. Bg5 Re8 12. d5 Na5 13. Nbd2 c4 14. Nd4 Nc5 15. Nf1
Qd7 16. Ne3 e5 17. dxe6 fxe6 18. Qg4 Rf8 19. Rad1 Rae8 20. f3 a6 21. Ne2 b5 22.
Qh4 Nc6 23. f4 Nd8 24. e5 Nf7 25. Ng3 Qc7 26. Ng4 dxe5 27. Nf6+ Bxf6 28. Bxf6
exf4 29. Ne4 Qc6 30. Qxf4 e5 31. Qh4 Re6 32. Rd2 Nxe4 33. Bxe4 Qb6+ 34. Rf2
Bxe4 35. Rxe4 Nd6 36. Qxh7+ Kxh7 37. Rh4+ Kg8 0-1

[Event "Quebec-ch"]
[Site "Montreal CAN"]
[Date "2006.09.12"]
[Round "5"]
[White "Ye, Ling Feng"]
[Black "Duong, Thanh Nha"]
[Result "1/2-1/2"]
[WhiteElo "2103"]
[BlackElo "2380"]
[PlyCount "102"]
[EventDate "2006.09.08"]
[EventType "tourn"]
[EventRounds "9"]
[EventCountry "CAN"]

1. e4 e6 2. d4 d5 3. Nd2 Be7 4. Ngf3 Nf6 5. e5 Nfd7 6. Bd3 c5 7. c3 Nc6 8. O-O
a5 9. Re1 cxd4 10. cxd4 Qb6 11. Nb1 Nxd4 12. Nxd4 Qxd4 13. Nc3 Bc5 14. Nb5
Qxf2+ 15. Kh1 Qh4 16. Nc7+ Kd8 17. Nxa8 b6 18. Nxb6 Bxb6 19. Be3 d4 20. Bg1 Bb7
21. Qe2 Nc5 22. Bf2 Qf4 23. Rad1 Ke7 24. Bg3 Qg5 25. Qf2 f6 26. exf6+ gxf6 27.
Bh4 Qg7 28. Rf1 Rf8 29. a3 a4 30. Rg1 e5 31. Qf5 Kd6 32. Bg3 h5 33. Be2 Ke7 34.
Bf3 Bc8 35. Qc2 Be6 36. Qd2 Rd8 37. Qb4 Rd6 38. Rd2 Qg6 39. Rf1 Ne4 40. Bxe4
Qxe4 41. Re1 Qd5 42. Qxa4 Qb3 43. Qa6 Bc4 44. Qb7+ Rd7 45. Qb8 Bd5 46. Bxe5
fxe5 47. Qxe5+ Be6 48. Qg5+ Kd6 49. Qe5+ Ke7 50. Qg5+ Kd6 51. Qe5+ Ke7 1/2-1/2

[Event "Quebec-ch"]
[Site "Montreal CAN"]
[Date "2006.09.14"]
[Round "6"]
[White "Duong, Thanh Nha"]
[Black "Khassanov, Marat"]
[Result "1-0"]
[WhiteElo "2380"]
[BlackElo "2312"]
[PlyCount "119"]
[EventDate "2006.09.08"]
[EventType "tourn"]
[EventRounds "9"]
[EventCountry "CAN"]

1. d4 Nf6 2. Nf3 b6 3. Bf4 e6 4. e3 c5 5. Bd3 Bb7 6. O-O Be7 7. c4 Nh5 8. Bg3
Nxg3 9. hxg3 cxd4 10. Nxd4 O-O 11. Nc3 Nc6 12. Qe2 Rc8 13. Rad1 a6 14. Be4 Qc7
15. Rc1 Qb8 16. Rfd1 Rfd8 17. f4 g6 18. Nxc6 Bxc6 19. Bxc6 Rxc6 20. Qd3 Bf6 21.
e4 d6 22. b3 b5 23. cxb5 Qb6+ 24. Kh2 Rc5 25. g4 axb5 26. b4 Rc4 27. Nxb5 Rxc1
28. Rxc1 Qf2 29. Rf1 Qxa2 30. Nxd6 e5 31. Qc4 Qxc4 32. Nxc4 exf4 33. b5 Rb8 34.
b6 Bd4 35. Rb1 Rb7 36. g5 Kf8 37. Kh3 Ke7 38. Kg4 f6 39. Kxf4 fxg5+ 40. Kxg5
Ke6 41. Rb5 Bf2 42. Rd5 Bg3 43. Kg4 Bb8 44. Rd8 Ke7 45. Rh8 Kf6 46. Kf3 h5 47.
Ke3 Bh2 48. Rd8 Ke6 49. e5 Bxe5 50. Re8+ Kd5 51. Nxe5 Rxb6 52. Nf3 Rf6 53. Re5+
Kd6 54. Ke4 Kd7 55. Rg5 Ke8 56. Ne5 Rf2 57. Nxg6 Ra2 58. Nf4 h4 59. Rh5 h3 60.
Rxh3 1-0

[Event "Quebec-ch"]
[Site "Montreal CAN"]
[Date "2006.09.15"]
[Round "7"]
[White "Bolduc, Steve"]
[Black "Duong, Thanh Nha"]
[Result "1/2-1/2"]
[WhiteElo "2263"]
[BlackElo "2380"]
[PlyCount "78"]
[EventDate "2006.09.08"]
[EventType "tourn"]
[EventRounds "9"]
[EventCountry "CAN"]

1. d4 Nf6 2. c4 c5 3. d5 e5 4. Nc3 d6 5. e4 Be7 6. h3 Nbd7 7. Nf3 Nf8 8. Be3
Ng6 9. g3 h5 10. Qd2 a6 11. a4 Bd7 12. Bd3 Qc8 13. Ng1 h4 14. g4 Qd8 15. Nf3
O-O 16. Kf1 Nh7 17. Kg2 Nh8 18. g5 Ng6 19. Rag1 f6 20. gxf6 Rxf6 21. Kf1 Qe8
22. Ng5 Nxg5 23. Bxg5 Rf7 24. Bxe7 Rxe7 25. Ne2 Qf7 26. Qg5 Rf8 27. Rh2 Qf3 28.
Bc2 Be8 29. Ke1 b5 30. axb5 axb5 31. cxb5 Ra7 32. Nc3 Rf6 33. Qe3 Qf4 34. Rhg2
Kh7 35. Rg5 Rb7 36. Bd3 Qh2 37. R1g2 Qh1+ 38. Rg1 Qh2 39. R1g2 Qh1+ 1/2-1/2

[Event "Quebec-ch"]
[Site "Montreal CAN"]
[Date "2006.09.16"]
[Round "8"]
[White "Duong, Thanh Nha"]
[Black "Masse, Hugues"]
[Result "1-0"]
[WhiteElo "2380"]
[BlackElo "2176"]
[PlyCount "129"]
[EventDate "2006.09.08"]
[EventType "tourn"]
[EventRounds "9"]
[EventCountry "CAN"]

1. Nf3 Nf6 2. b3 d5 3. Bb2 Bg4 4. g3 e6 5. Bg2 Nbd7 6. O-O Bd6 7. c4 c6 8. d3
O-O 9. Nbd2 Bh5 10. Qc2 e5 11. e4 dxe4 12. dxe4 Qc7 13. h3 Rfe8 14. Nh4 Nf8 15.
c5 Be7 16. Nf5 Bg6 17. Nxe7+ Qxe7 18. b4 b5 19. Qc3 N6d7 20. Nb3 f6 21. Rfd1
Rad8 22. Rd6 Nb8 23. Rad1 Rd7 24. Rxd7 Nfxd7 25. Rd6 Nb6 26. Na5 Nc8 27. Rd3
Rd8 28. Qd2 Rxd3 29. Qxd3 Be8 30. f4 exf4 31. gxf4 Qd7 32. Qxd7 Bxd7 33. e5 Kf7
34. Be4 f5 35. e6+ Kxe6 36. Bf3 Ne7 37. Bxg7 Nd5 38. Be5 Na6 39. a3 Be8 40. Kf2
Bd7 41. Kg3 Ne7 42. Bd6 Nc8 43. Be5 Ne7 44. Bd6 Nc8 45. Bf8 Kf7 46. Bh6 Ne7 47.
Bg5 Nd5 48. Bh5+ Kg7 49. Bd8 Nb8 50. Nb3 Nf6 51. Bf3 Be8 52. Nd4 Ne4+ 53. Kg2
Kg6 54. Bc7 Na6 55. Be5 Bd7 56. Bxe4 fxe4 57. Kf2 h5 58. h4 Kf7 59. Ke3 Ke8 60.
Kxe4 Bh3 61. f5 Kd7 62. f6 Bf1 63. Kf5 Bd3+ 64. Kg5 Bc4 65. Kg6 1-0

[Event "Quebec-ch"]
[Site "Montreal CAN"]
[Date "2006.09.17"]
[Round "9"]
[White "Barbeau, Sylvain"]
[Black "Duong, Thanh Nha"]
[Result "1/2-1/2"]
[WhiteElo "2426"]
[BlackElo "2380"]
[PlyCount "36"]
[EventDate "2006.09.08"]
[EventType "tourn"]
[EventRounds "9"]
[EventCountry "CAN"]

1. Nf3 f5 2. g3 Nf6 3. Bg2 e6 4. O-O d5 5. d3 Bd6 6. Nc3 O-O 7. e4 Bb4 8. exf5
exf5 9. Ne2 c6 10. c3 Bd6 11. Bf4 Na6 12. Qd2 h6 13. Rae1 Nc7 14. Bxd6 Qxd6 15.
Nf4 Bd7 16. h4 Rfe8 17. Rxe8+ Rxe8 18. Re1 Ne6 1/2-1/2

[Event "Coupe Montreal A"]
[Site "Montreal CAN"]
[Date "2005.10.19"]
[Round "1"]
[White "McDonough, Jonathan"]
[Black "Duong, Thanh Nha"]
[Result "1/2-1/2"]
[WhiteElo "2218"]
[BlackElo "2332"]
[PlyCount "64"]
[EventDate "2005.10.19"]
[EventType "tourn"]
[EventRounds "5"]
[EventCountry "CAN"]

1. d4 f5 2. g3 Nf6 3. Bg2 g6 4. Nf3 Bg7 5. O-O O-O 6. c4 d6 7. Nc3 c6 8. d5 e5
9. dxe6 Bxe6 10. Nd2 Na6 11. Rb1 Ng4 12. e3 Qe7 13. Ne2 Rad8 14. Nf4 Bf7 15. e4
Nh6 16. b3 fxe4 17. Nxe4 d5 18. cxd5 cxd5 19. Nd2 Rfe8 20. Nf3 Nf5 21. h4 h6
22. Re1 Qc5 23. Rxe8+ Rxe8 24. Nd3 Qb6 25. Bf4 Nd4 26. Nxd4 Qxd4 27. Qd2 b6 28.
Rd1 Kh7 29. Be3 Qg4 30. Nf4 Bc3 31. Qe2 Qxe2 32. Nxe2 Be5 1/2-1/2

[Event "Coupe Montreal A"]
[Site "Montreal CAN"]
[Date "2005.10.26"]
[Round "2"]
[White "Bolduc, Steve"]
[Black "Duong, Thanh Nha"]
[Result "0-1"]
[WhiteElo "2220"]
[BlackElo "2332"]
[PlyCount "74"]
[EventDate "2005.10.19"]
[EventType "tourn"]
[EventRounds "5"]
[EventCountry "CAN"]

1. d4 Nf6 2. c4 d6 3. Nc3 e5 4. d5 Bf5 5. Nf3 h6 6. c5 Nbd7 7. Qa4 Be7 8. e4
Bh7 9. cxd6 cxd6 10. h3 O-O 11. Be3 a6 12. Nd2 Nxe4 13. Ndxe4 f5 14. Bd3 b5 15.
Qb3 fxe4 16. Nxe4 Bxe4 17. Bxe4 Bg5 18. O-O Rc8 19. Bxg5 Qxg5 20. Qe3 Rc4 21.
Qxg5 hxg5 22. f3 Rfc8 23. Bf5 R8c7 24. Bxd7 Rxd7 25. Rad1 Kf7 26. Rd2 Kf6 27.
Re1 Kf5 28. g4+ Kf6 29. Kf2 Rdc7 30. Ke3 Rf7 31. Rd3 Rfc7 32. Red1 a5 33. b3
Rf4 34. Kd2 e4 35. fxe4 Ke5 36. Re1 Rf2+ 37. Ke3 Rcf7 0-1

[Event "Coupe Montreal A"]
[Site "Montreal CAN"]
[Date "2005.11.10"]
[Round "4"]
[White "Lawson, Eric"]
[Black "Duong, Thanh Nha"]
[Result "0-1"]
[WhiteElo "2390"]
[BlackElo "2332"]
[PlyCount "112"]
[EventDate "2005.10.19"]
[EventType "tourn"]
[EventRounds "5"]
[EventCountry "CAN"]

1. e4 e6 2. d4 d5 3. Nd2 Be7 4. Ngf3 Nf6 5. e5 Nfd7 6. Bd3 c5 7. c3 Nc6 8. O-O
a5 9. Re1 cxd4 10. cxd4 Qb6 11. Qa4 g5 12. Nb3 g4 13. Nfd2 Qc7 14. Nc5 Bxc5 15.
dxc5 Nxc5 16. Qc2 Nxd3 17. Qxd3 Nb4 18. Qe2 Nc2 19. Rb1 Nxe1 20. Qxe1 Bd7 21.
Nf1 Rg8 22. Ng3 Qc2 23. Bd2 Qg6 24. Rc1 Bc6 25. Bxa5 h5 26. Qb4 h4 27. Nf1 Qe4
28. Qxe4 dxe4 29. b4 Rg5 30. Rc5 f6 31. Ne3 g3 32. fxg3 hxg3 33. hxg3 Rxe5 34.
Rxe5 fxe5 35. Nc4 Ke7 36. Nxe5 Bd5 37. Ng4 Ra6 38. Bc7 Rxa2 39. b5 Re2 40. Bb6
Kd6 41. Bd4 e3 42. Nxe3 e5 43. Ba7 Ra2 44. Bb8+ Ke7 45. Kf1 Rb2 46. g4 Rxb5 47.
g5 Be4 48. Kf2 Rb2+ 49. Kg3 Re2 50. Ba7 b5 51. g6 Bxg6 52. Kf3 Rb2 53. Bb8 Bd3
54. Kg3 b4 55. Ng4 Re2 56. Nf2 Rxf2 0-1

[Event "Coupe Montreal A"]
[Site "Montreal CAN"]
[Date "2005.11.17"]
[Round "5"]
[White "Duong, Thanh Nha"]
[Black "Masse, Hugues"]
[Result "1/2-1/2"]
[WhiteElo "2332"]
[BlackElo "2214"]
[PlyCount "58"]
[EventDate "2005.10.19"]
[EventType "tourn"]
[EventRounds "5"]
[EventCountry "CAN"]

1. c4 Nf6 2. Nc3 d5 3. cxd5 Nxd5 4. g3 g6 5. Bg2 Nxc3 6. bxc3 Bg7 7. h4 h6 8.
Nh3 c5 9. Qb3 Qc7 10. Rb1 Nd7 11. Nf4 e6 12. O-O O-O 13. Rd1 c4 14. Qc2 Nb6 15.
Ba3 Rd8 16. Rb2 e5 17. Nh3 Bf5 18. e4 Bd7 19. Re1 Na4 20. Rbb1 b5 21. f3 Bxh3
22. Bxh3 a6 23. Bf1 Bf8 24. Bxf8 Kxf8 25. Rbd1 Rd6 26. Kg2 Rad8 27. Re3 Kg7 28.
Kh2 Qa7 29. d4 exd4 1/2-1/2

[Event "Quebec op"]
[Site "Montreal CAN"]
[Date "2005.07.17"]
[Round "1"]
[White "Duong, Thanh Nha"]
[Black "Ramaswamy, Kishor"]
[Result "1/2-1/2"]
[WhiteElo "2360"]
[BlackElo "2179"]
[PlyCount "92"]
[EventDate "2005.07.17"]
[EventType "swiss"]
[EventRounds "9"]
[EventCountry "CAN"]

1. d4 d5 2. Nf3 Nf6 3. c4 e6 4. Bg5 Nbd7 5. cxd5 exd5 6. Nc3 Be7 7. e3 c6 8.
Bd3 Nh5 9. Bxe7 Qxe7 10. O-O Nhf6 11. Qc2 O-O 12. Rab1 Nb6 13. b4 a6 14. Ne5 g6
15. a4 Be6 16. h3 Rfe8 17. a5 Nc8 18. f4 Nd6 19. g4 Nfe4 20. Nxe4 dxe4 21. Be2
f6 22. Nc4 Nxc4 23. Bxc4 f5 24. g5 Kf7 25. Rf2 h6 26. Bxe6+ Qxe6 27. gxh6 Rh8
28. Rg2 Rxh6 29. Rg3 Rah8 30. Kg2 Rh5 31. Qb3 Rg8 32. Qxe6+ Kxe6 33. Rc1 g5 34.
fxg5 Rhxg5 35. Rxg5 Rxg5+ 36. Kh2 f4 37. exf4 Rb5 38. Rc5 Rxb4 39. Re5+ Kf6 40.
d5 cxd5 41. Rxd5 Rb5 42. Rd7 Kf5 43. Rf7+ Kg6 44. Re7 Kf5 45. Rf7+ Kg6 46. Re7
Kf5 1/2-1/2

[Event "Quebec op"]
[Site "Montreal CAN"]
[Date "2005.07.18"]
[Round "2"]
[White "Gilman, Arkadiy"]
[Black "Duong, Thanh Nha"]
[Result "0-1"]
[WhiteElo "2115"]
[BlackElo "2360"]
[PlyCount "126"]
[EventDate "2005.07.17"]
[EventType "swiss"]
[EventRounds "9"]
[EventCountry "CAN"]

1. d4 Nf6 2. c4 c5 3. d5 e5 4. Nc3 d6 5. e4 Be7 6. Be2 Nbd7 7. Nf3 Nf8 8. Rb1
Ng6 9. g3 h5 10. h4 Bg4 11. Ng5 Qc8 12. b4 Bxe2 13. Qxe2 cxb4 14. Rxb4 Bd8 15.
O-O Bb6 16. Rb3 Bc5 17. Ba3 b6 18. Nb5 Ke7 19. Kg2 Rd8 20. Qf3 a6 21. Bxc5 Qxc5
22. Na3 Nf8 23. Nc2 N8d7 24. Ne3 g6 25. Rfb1 Rf8 26. Qe2 Rfe8 27. Qf3 Rab8 28.
Qe2 Kf8 29. Qb2 Kg8 30. Ra3 Ra8 31. Ra4 Rec8 32. Rb4 Qc7 33. Qe2 Kg7 34. Qf3
Rf8 35. R4b2 Rab8 36. Rc2 Nc5 37. Re2 Rb7 38. Nc2 Qd7 39. Nb4 Qa4 40. Re3 Qd7
41. Ra3 Ra8 42. Nd3 Qc7 43. Nxc5 Qxc5 44. Rab3 Rab8 45. Qe2 Qc8 46. c5 dxc5 47.
Qxa6 Qc7 48. Qb5 Rc8 49. Rc3 Ne8 50. a4 Nd6 51. Qb2 b5 52. axb5 Rxb5 53. Rb3
Rxb3 54. Qxb3 Qe7 55. Qc3 Kg8 56. Nf3 Nxe4 57. Qxe5 Qxe5 58. Nxe5 Nc3 59. Rb7
Nxd5 60. Nxf7 c4 61. Nd6 Rc6 62. Rb8+ Kg7 63. Rb7+ Kf8 0-1

[Event "Quebec op"]
[Site "Montreal CAN"]
[Date "2005.07.19"]
[Round "3"]
[White "Duong, Thanh Nha"]
[Black "Berube, Antoine"]
[Result "1-0"]
[WhiteElo "2360"]
[BlackElo "2168"]
[PlyCount "61"]
[EventDate "2005.07.17"]
[EventType "swiss"]
[EventRounds "9"]
[EventCountry "CAN"]

1. c4 e5 2. Nc3 Nf6 3. g3 Bb4 4. Bg2 O-O 5. e3 Bxc3 6. dxc3 d6 7. Ne2 c6 8. e4
Be6 9. b3 d5 10. exd5 cxd5 11. Bg5 e4 12. Bxf6 gxf6 13. Nd4 Kh8 14. Qh5 Nc6 15.
Rd1 Nxd4 16. Rxd4 Qc7 17. O-O Qe5 18. Qd1 dxc4 19. Bxe4 cxb3 20. axb3 Rac8 21.
c4 b5 22. Bd5 bxc4 23. bxc4 Bxd5 24. cxd5 Rfd8 25. d6 Rd7 26. Rd5 Qc3 27. Qg4
Rcd8 28. Rfd1 a5 29. Qe4 Qb4 30. R1d4 Qb6 31. Rh5 1-0

[Event "Quebec op"]
[Site "Montreal CAN"]
[Date "2005.07.20"]
[Round "4"]
[White "Larochelle, Martial"]
[Black "Duong, Thanh Nha"]
[Result "0-1"]
[WhiteElo "2132"]
[BlackElo "2360"]
[PlyCount "80"]
[EventDate "2005.07.17"]
[EventType "swiss"]
[EventRounds "9"]
[EventCountry "CAN"]

1. c4 e6 2. Nf3 b6 3. g3 Bb7 4. Bg2 f5 5. O-O Nf6 6. d4 d5 7. Bg5 Be7 8. Nc3
O-O 9. cxd5 exd5 10. Bxf6 Bxf6 11. b4 c6 12. Qc2 Qd6 13. Qb3 Nd7 14. e3 a6 15.
a4 b5 16. a5 Rae8 17. Ne1 g5 18. Nd3 Kh8 19. Ne2 Bg7 20. Nc5 Nxc5 21. dxc5 Qg6
22. Rad1 Bc8 23. Qd3 Qh5 24. f4 h6 25. Nd4 Bd7 26. Bf3 Qg6 27. Kf2 Bf6 28. Rfe1
Re7 29. Re2 Qg7 30. Kf1 Re4 31. Rdd2 Re7 32. Kf2 Qg6 33. Re1 h5 34. Rh1 Rh7 35.
Rdd1 h4 36. Rde1 Rh6 37. Reg1 Qh7 38. g4 fxg4 39. Qxh7+ Rxh7 40. Bxg4 Bxd4 0-1

[Event "Quebec op"]
[Site "Montreal CAN"]
[Date "2005.07.21"]
[Round "5"]
[White "Duong, Thanh Nha"]
[Black "Noble, Matthew"]
[Result "1/2-1/2"]
[WhiteElo "2360"]
[BlackElo "2368"]
[PlyCount "61"]
[EventDate "2005.07.17"]
[EventType "swiss"]
[EventRounds "9"]
[EventCountry "CAN"]

1. d4 d5 2. Nf3 Nf6 3. c4 c6 4. e3 Bg4 5. Nc3 e6 6. Be2 Nbd7 7. O-O Bd6 8. h3
Bh5 9. b3 O-O 10. Bb2 Qe7 11. Re1 Ba3 12. Qc1 Bxb2 13. Qxb2 a6 14. a4 Bg6 15.
Rad1 Ne4 16. Bd3 Nxc3 17. Qxc3 Bxd3 18. Rxd3 Nf6 19. b4 b5 20. c5 Ne4 21. Qc2
Rfb8 22. Ra3 a5 23. axb5 Rxb5 24. Rxa5 Raxa5 25. bxa5 Rxa5 26. Rb1 Qc7 27. Ne5
f6 28. Nd3 Ra3 29. Rb3 Ra1+ 30. Rb1 Ra3 31. Rb3 1/2-1/2

[Event "Quebec op"]
[Site "Montreal CAN"]
[Date "2005.07.22"]
[Round "6"]
[White "Voskanyan, Vahagn"]
[Black "Duong, Thanh Nha"]
[Result "1/2-1/2"]
[WhiteElo "2277"]
[BlackElo "2360"]
[PlyCount "127"]
[EventDate "2005.07.17"]
[EventType "swiss"]
[EventRounds "9"]
[EventCountry "CAN"]

1. e4 e6 2. d4 d5 3. Nc3 Bb4 4. Bd3 dxe4 5. Bxe4 Nf6 6. Bf3 Nc6 7. Nge2 e5 8.
Bxc6+ bxc6 9. O-O exd4 10. Nxd4 c5 11. Qe2+ Qe7 12. Qxe7+ Kxe7 13. Nc6+ Kd6 14.
Nxb4 cxb4 15. Bf4+ Kc6 16. Ne2 Nd5 17. Bd2 a5 18. c4 Ne7 19. Nd4+ Kb7 20. Rfe1
Nf5 21. Nxf5 Bxf5 22. Re5 Be6 23. Rb5+ Kc6 24. Be3 Rhd8 25. h3 Rd3 26. Rc1 g6
27. b3 Rdd8 28. g4 Rd3 29. Kf1 f5 30. Ke2 Rdd8 31. f3 Re8 32. Kf2 Rf8 33. Kg3
Rf7 34. Rc5+ Kb7 35. Re5 Bd7 36. Bc5 fxg4 37. hxg4 Bc6 38. Rf1 Rd8 39. Re7 Rxe7
40. Bxe7 Rd3 41. Bc5 h5 42. Rf2 Kc8 43. gxh5 gxh5 44. Kf4 Rd7 45. Kg5 Rh7 46.
f4 h4 47. f5 h3 48. f6 Be8 49. Re2 Bh5 50. Rd2 Bf7 51. Bg1 Rh5+ 52. Kg4 Rh8 53.
Bh2 Be6+ 54. Kg5 Rg8+ 55. Kh6 Bf7 56. Be5 Rg6+ 57. Kh7 Rg5 58. Bh2 Rg6 59. Be5
Rg2 60. Rxg2 hxg2 61. Bd4 Kd7 62. Kg7 Ke6 63. Bg1 Bh5 64. Bf2 1/2-1/2

[Event "Quebec op"]
[Site "Montreal CAN"]
[Date "2005.07.24"]
[Round "9"]
[White "Duong, Thanh Nha"]
[Black "Gravel, Simon M"]
[Result "0-1"]
[WhiteElo "2360"]
[BlackElo "2287"]
[PlyCount "110"]
[EventDate "2005.07.17"]
[EventType "swiss"]
[EventRounds "9"]
[EventCountry "CAN"]

1. d4 Nf6 2. Bg5 d5 3. Bxf6 exf6 4. e3 Bd6 5. g3 c6 6. Bg2 h5 7. h4 Bg4 8. Ne2
Qb6 9. b3 a5 10. a3 a4 11. b4 Qa6 12. Nd2 Nd7 13. f3 Be6 14. Kf2 f5 15. Rc1 O-O
16. Bf1 b5 17. Ng1 Nf6 18. Nh3 Rae8 19. Bd3 Qa7 20. Ng5 g6 21. Rg1 Bc8 22. Nf1
Re7 23. c3 Rfe8 24. Qc2 Kg7 25. Kg2 Qb8 26. Qf2 Bd7 27. Kh1 Ne4 28. fxe4 fxe4
29. Nxe4 dxe4 30. Be2 Bg4 31. Bxg4 hxg4 32. Kg2 Rh8 33. Rh1 Rh5 34. Qe2 f5 35.
Qf2 Rf7 36. Nd2 Qh8 37. Rcf1 Rf8 38. Rh2 Qg8 39. c4 Qe6 40. Qe2 Qd7 41. Rc1
Rfh8 42. Rch1 Qe8 43. Qf1 Qd7 44. Qc1 Qe8 45. Nf1 R8h7 46. Qc3 Kf7 47. Kg1 Qd7
48. cxb5 cxb5 49. Rc2 g5 50. Qc6 Ke7 51. Qd5 gxh4 52. Rxh4 Rxh4 53. Qg8 R4h6
54. Rc8 Kf6 55. d5 Rh8 0-1

[Event "Quebec-ch inv."]
[Site "Montreal CAN"]
[Date "2003.06.26"]
[Round "1"]
[White "Duong, Thanh Nha"]
[Black "Voskanyan, Vahagn"]
[Result "1/2-1/2"]
[WhiteElo "2314"]
[BlackElo "2314"]
[PlyCount "108"]
[EventDate "2003.06.26"]
[EventType "tourn"]
[EventRounds "9"]
[EventCountry "CAN"]

1. d4 Nf6 2. c4 e6 3. g3 d5 4. Bg2 Nbd7 5. Nf3 c6 6. Qc2 Be7 7. O-O O-O 8. Nbd2
Qa5 9. a3 Qb6 10. Rd1 a5 11. b3 Rd8 12. Bb2 Nf8 13. Ne5 Ng6 14. e4 c5 15. Nxg6
hxg6 16. e5 Ne8 17. Rac1 cxd4 18. c5 Qc7 19. Bxd4 Bd7 20. h4 Rdc8 21. Qb1 Qd8
22. Bf3 Nc7 23. b4 Ba4 24. Re1 Nb5 25. Qd3 Qd7 26. Bb2 Na7 27. h5 gxh5 28. Bxh5
axb4 29. axb4 Bb5 30. Qe3 Nc6 31. Kg2 Ra4 32. Rh1 Rf8 33. Rh2 d4 34. Qf4 Bd3
35. Rch1 g5 36. Qg4 Nxe5 37. Qxd4 f6 38. Qc3 Qd5+ 39. Kg1 g4 40. Rh4 Bf5 41. f4
Rd8 42. fxe5 Qxd2 43. Bxg4 Bxc5+ 44. bxc5 Rxg4 45. Rh8+ Kf7 46. Rxd8 Qxd8 47.
Kf2 Qd5 48. Rh4 Qe4 49. exf6 Rxh4 50. gxh4 Qxh4+ 51. Kg1 Qg4+ 52. Kf2 Qf4+ 53.
Ke1 Qe4+ 54. Kf2 Qc2+ 1/2-1/2

[Event "Quebec-ch inv."]
[Site "Montreal CAN"]
[Date "2003.06.28"]
[Round "3"]
[White "Duong, Thanh Nha"]
[Black "Kleinplatz, Sam"]
[Result "0-1"]
[WhiteElo "2314"]
[BlackElo "2312"]
[PlyCount "92"]
[EventDate "2003.06.26"]
[EventType "tourn"]
[EventRounds "9"]
[EventCountry "CAN"]

1. d4 Nf6 2. Nf3 g6 3. Bg5 Ne4 4. Bh4 c5 5. e3 Qb6 6. Qc1 Bg7 7. c3 d5 8. Nbd2
Nc6 9. Nxe4 dxe4 10. Nd2 cxd4 11. exd4 Bh6 12. Qc2 Bf5 13. Nc4 Qd8 14. Ne3 O-O
15. Be2 Qa5 16. O-O Rac8 17. Qb1 e5 18. b4 Qa3 19. Nxf5 gxf5 20. d5 Nb8 21. c4
Bd2 22. Qb3 Qxb3 23. axb3 Bxb4 24. Rxa7 Rc7 25. Ra4 Bd6 26. b4 b6 27. Rb1 Nd7
28. Ra6 Rfc8 29. c5 Bxc5 30. bxc5 Rxc5 31. d6 Rc1+ 32. Rxc1 Rxc1+ 33. Bf1 Rd1
34. Be7 f4 35. g3 f5 36. Ra7 Nc5 37. Ra3 Kf7 38. gxf4 exf4 39. Bg5 Ne6 40. Be7
Nd4 41. f3 e3 42. Kg2 Rd2+ 43. Kh3 Nxf3 44. Bc4+ Kg6 45. Ra2 Ng1+ 46. Kh4 Rxa2
0-1

[Event "Quebec-ch inv."]
[Site "Montreal CAN"]
[Date "2003.06.29"]
[Round "4"]
[White "Schleifer, Michael"]
[Black "Duong, Thanh Nha"]
[Result "1-0"]
[WhiteElo "2356"]
[BlackElo "2314"]
[PlyCount "49"]
[EventDate "2003.06.26"]
[EventType "tourn"]
[EventRounds "9"]
[EventCountry "CAN"]

1. d4 Nf6 2. g3 d5 3. Bg2 g6 4. c4 c6 5. cxd5 cxd5 6. Nh3 Bg7 7. Nc3 O-O 8. Nf4
e6 9. O-O Nc6 10. e3 Bd7 11. b3 a6 12. Ba3 Re8 13. Nd3 Qa5 14. Bb2 Rec8 15. Rc1
Qd8 16. b4 Bf8 17. Qb3 Ne8 18. Nc5 b6 19. Nxd7 Qxd7 20. a3 f5 21. Nxd5 exd5 22.
Bxd5+ Kg7 23. Bxc6 Rxc6 24. Rxc6 Kh6 25. Qe6 1-0

[Event "Quebec-ch inv."]
[Site "Montreal CAN"]
[Date "2003.07.02"]
[Round "6"]
[White "Pruess, David"]
[Black "Duong, Thanh Nha"]
[Result "1-0"]
[WhiteElo "2331"]
[BlackElo "2314"]
[PlyCount "109"]
[EventDate "2003.06.26"]
[EventType "tourn"]
[EventRounds "9"]
[EventCountry "CAN"]

1. e4 c5 2. Nf3 Nc6 3. d4 cxd4 4. Nxd4 Nf6 5. Nc3 e5 6. Ndb5 d6 7. Bg5 a6 8.
Na3 b5 9. Nd5 Qa5+ 10. Bd2 Qd8 11. Bg5 Qa5+ 12. Bd2 Qd8 13. c4 Nxe4 14. cxb5
Be6 15. Bc4 Na5 16. Be3 Nxc4 17. Nxc4 axb5 18. Ncb6 Rb8 19. a4 f5 20. a5 Rb7
21. a6 Ra7 22. O-O f4 23. Qd3 Nf6 24. Nxf6+ gxf6 25. Qxb5+ Kf7 26. Nc8 Rxa6 27.
Rxa6 Bxc8 28. Ra7+ Be7 29. Bb6 Qe8 30. Qd5+ Kg6 31. Rc1 Bf8 32. Ra8 Qe6 33.
Qxe6 Bxe6 34. b4 Rg8 35. Bc7 Kf5 36. Rd1 d5 37. b5 d4 38. Rd8 Bb3 39. b6 Bxd1
40. b7 Bf3 41. b8=Q Rxg2+ 42. Kf1 Rxh2 43. Ke1 Rh1+ 44. Kd2 Ba3 45. Qc8+ Kg5
46. Rg8+ Kh6 47. Qf5 Rd1+ 48. Kc2 Rc1+ 49. Kb3 Rc3+ 50. Ka4 Be7 51. Bd6 Bd1+
52. Ka5 Bc2 53. Qg4 f5 54. Qg7+ Kh5 55. Qxh7# 1-0

[Event "Quebec-ch inv."]
[Site "Montreal CAN"]
[Date "2003.07.03"]
[Round "7"]
[White "Duong, Thanh Nha"]
[Black "Hua, Lefong"]
[Result "0-1"]
[WhiteElo "2314"]
[BlackElo "2267"]
[PlyCount "80"]
[EventDate "2003.06.26"]
[EventType "tourn"]
[EventRounds "9"]
[EventCountry "CAN"]

1. b3 c5 2. c4 b6 3. Nf3 Nf6 4. Bb2 e6 5. g3 Bb7 6. Bg2 Be7 7. O-O Qc7 8. Nc3
a6 9. Re1 d6 10. e4 Nbd7 11. d4 cxd4 12. Nxd4 O-O 13. Rc1 Rac8 14. f4 Qb8 15.
g4 Ne8 16. f5 Nc7 17. Qd2 h6 18. Nf3 Ne5 19. Nxe5 dxe5 20. Qe2 Bc6 21. Kh1 b5
22. Nd5 exd5 23. exd5 Ba8 24. Bxe5 Bb4 25. Red1 Rce8 26. Qb2 Ba3 27. Qxa3 Rxe5
28. f6 g6 29. Qd6 Rfe8 30. c5 Nxd5 31. Qxb8 Rxb8 32. c6 Nxf6 33. c7 Bxg2+ 34.
Kxg2 Rc8 35. Rd6 Kg7 36. Rxa6 Ne8 37. Rac6 Re2+ 38. Kg3 Rxa2 39. R1c5 Rb2 40.
Rxb5 Rxc7 0-1